| 000 | 00827nam a2200229Ii 4500 | ||
|---|---|---|---|
| 003 | JO-AjNU | ||
| 008 | 230605s9999||||xx |||||||||||||| ||und|| | ||
| 017 | _a1979/4389 | ||
| 020 | _a1977-256-017-8 | ||
| 040 |
_aJO-AjNU _bara _erda _cJO-AjNU |
||
| 041 | _aara | ||
| 050 | 1 | 4 | _aKRM1024.A28.1980 |
| 100 | 3 |
_a القليبوبي سميحة, _eauthor _946864 |
|
| 245 | 0 | 0 | _aالموجز في القانون التجاري : نظرية الاعمال التجارية - التاجر - المحل التجارى - الاوراق التجارية |
| 250 | _a(د،ط) | ||
| 264 | 3 | 1 | _aالقاهرة : جامعة القاهرة ، 1980 |
| 300 | _a245ص | ||
| 336 |
_atext _btxt _2rdacontent |
||
| 337 |
_aunmediated _bn _2rdamedia |
||
| 338 |
_avolume _bnc _2rdacarrier |
||
| 650 | 4 |
_aقانون تجاري -- مصر _946865 |
|
| 999 |
_aA20418 _c23986 _d23986 |
||